000 00183 a2200097 4500
020 _a9780794541767
041 _aeng
100 _aSims, Lesley
245 _aThe wish fish
942 _cBK
999 _c31907
_d31905